000 00518 a2200157 4500
040 _aDLC
_bDLC
082 _a658.8
100 _aPerreault, William D.
245 _aEssentials of marketing: a global-managerial approach
_ca global-managerial approach
_hWilliam D, Perreault.
250 _a10th ed.
260 _aIslamabad :
_b National Book Foundation.
300 _axl, 638 p. :
_bcol. ill. ;
_c 28 cm.
500 _aIncludes bibliographical references and index
650 _a Marketing.
942 _cBK
_k658.8 PER
_2ddc
999 _c8753
_d8753